000 00771nam a2200181 a 4500
003 0
005 20250507093538.0
008 080527s19uu xx 00 eng d
050 _aPHS QA 11.2
_b.K35 2005
100 _aKaliski, Alexander Duka.
245 _aStudy on the relationship between a Fourth year High School students performance in Math subjects to the Age Gap they have with their parents /
_cAlexander Duka Kaliski.
260 _aLas PiƱas City, Philippines :
_bSouthville International School and Colleges,
_c2005.
300 _a29 pages :
_billustrations ;
_c28 cm.
650 _aMathematics
_xStudy and teaching (Secondary).
650 _aFamily
_xInfluence on education.
650 _aAcademic achievement
_xSocial aspects
_zPhilippines.
942 _2lcc
_cPASS
999 _c97247
_d97247